Từ một giấc mơ (Từ Hi Thái Hậu); T2

Guardat en:
Dades bibliogràfiques
Autor principal: Mộng Bình Sơn
Format: Llibre
Idioma:Undetermined
Publicat: Đồng Tháp Nxb. Đồng Tháp 1996
Matèries:
Etiquetes: Afegir etiqueta
Sense etiquetes, Sigues el primer a etiquetar aquest registre!
Thư viện lưu trữ: Trung tâm Học liệu Trường Đại học Cần Thơ
LEADER 00510nam a2200169Ia 4500
001 CTU_27447
008 210402s9999 xx 000 0 und d
082 |a 895.13081 
082 |b S464/T2 
100 |a Mộng Bình Sơn 
245 0 |a Từ một giấc mơ (Từ Hi Thái Hậu); T2 
245 0 |c Mộng Bình Sơn 
260 |a Đồng Tháp 
260 |b Nxb. Đồng Tháp 
260 |c 1996 
650 |a chinese fiction 
980 |a Trung tâm Học liệu Trường Đại học Cần Thơ